| 000 | 00324nam a2200109Ia 4500 | ||
|---|---|---|---|
| 008 | 160712s9999 xx 000 0 und d | ||
| 245 | _aDate with Helen | ||
| 260 |
_c2012 _bDiliman Review |
||
| 300 | _avol. 59 no. 1-4 | ||
| 650 | _xPOETRY | ||
| 856 | _uhttp://journals.upd.edu.ph/index.php/dilimanreview/issue/view/390/showToc | ||
| 999 |
_c297464 _d297464 |
||